| 000 | 01070cam a2200241 4500 | ||
|---|---|---|---|
| 001 | J12187 | ||
| 008 | 030326n2002 000 0 eng u | ||
| 035 | _a(Sirsi) u121756 | ||
| 041 | _aeng. | ||
| 050 |
_a624.08 _c18 |
||
| 110 |
_aAssociation of Consulting Engineers _91225 |
||
| 245 | _aACE Agreement C(1) 2002 Civil/Structural Engineering; consultant appointed by design and construct contractor | ||
| 260 |
_aLondon _bACE _c2002 |
||
| 300 |
_a26p. _c31cm. |
||
| 350 | _a24 | ||
| 520 | _aThis agreement is intended for use when the consulting engineer is appointed by a design and construct contractor fo rthe provision of design services for civil/structural work. It should be used in conjunction with the guidance document C - 'ACE Agreements 2002 guidance' - a copy of which is included in the folder containing the agreement. | ||
| 650 | _aCIVIL ENGINEERING CONTRACTS | ||
| 650 | _aSTRUCTURAL ENGINEERING | ||
| 650 | _aCONSULTING ENGINEERS | ||
| 650 | _aDESIGN AND BUILD CONTRACTORS | ||
| 690 | _aBUILDING AND CONSTRUCTION-ENGINEERING | ||
| 942 | _n0 | ||
| 999 |
_c102726 _d102726 |
||